Gaming Quiz

Random Gaming or Pokémon Quiz

Real Pokémon Types Quiz Stats

 Plays Quiz Updated Oct 4, 2017

Challenge
Share
Tweet
Embed
Score 0/18 Timer 02:00
0 Plays Today
Question Answer Wrong Answers
Which is a real Pokémon type? Fire
92.5%
Flame
1.9%
Heat
0.6%
Inferno
0.7%
Which is a real Pokémon type? Water
91.9%
Ocean
0.8%
Sea
1.2%
Aquatic
1.6%
Which is a real Pokémon type? Electric
91.6%
Volt
1%
Light
1.6%
Thunder
1.5%
Which is a real Pokémon type? Ice
90.9%
Snow
2.1%
Crystal
1.6%
Frost
1.1%
Which is a real Pokémon type? Fairy
90.6%
Sprite
2.2%
Pixie
2.1%
Pink
0.9%
Which is a real Pokémon type? Ghost
90.3%
Spirit
2.1%
Phantom
2.4%
Phantasm
0.9%
Which is a real Pokémon type? Fighting
89.6%
Martial
1.2%
Karate
1.3%
Physical
3.6%
Which is a real Pokémon type? Dark
89.3%
Mysterious
1.9%
Shadowy
2.9%
Shade
1.6%
Which is a real Pokémon type? Rock
89%
Gravel
1.1%
Stone
4.7%
Mineral
1%
Which is a real Pokémon type? Psychic
88.9%
Energy
2.2%
Magic
2.2%
Mystic
2.3%
Which is a real Pokémon type? Dragon
87.4%
Mystical
3.1%
Legend
4.3%
Serpent
0.9%
Which is a real Pokémon type? Poison
87%
Venom
2.7%
Toxin
0.7%
Toxic
5.2%
Which is a real Pokémon type? Bug
85.4%
Insect
8.3%
Mite
0.8%
Beetle
1.3%
Which is a real Pokémon type? Normal
85%
Standard
2.1%
Regular
2.7%
Common
5.7%
Which is a real Pokémon type? Grass
84.4%
Plant
4.5%
Leaf
5.5%
Flower
1.3%
Which is a real Pokémon type? Flying
83.7%
Bird
3%
Sky
1.6%
Air
7.3%
Which is a real Pokémon type? Ground
79.8%
Earth
13.8%
Dirt
1.4%
Soil
0.7%
Which is a real Pokémon type? Steel
78.6%
Iron
4.8%
Metal
11.5%
Alloy
0.8%

You're not logged in!

Compare scores with friends on all Sporcle quizzes.
OR
Log In

You Might Also Like...

Show Comments

Extras

Top Quizzes Today


Score Distribution

Your Account Isn't Verified!

In order to create a playlist on Sporcle, you need to verify the email address you used during registration. Go to your Sporcle Settings to finish the process.

Report this User

Report this user for behavior that violates our Community Guidelines.

Details: